000 00451nam a2200181Ia 4500
001 20390
005 20260306172802.0
008 260306t2015||||xx |||||||||||||| ||spa||
041 _aESP
082 _a343.2C13
_bG96 2015 T. 1
100 _aGutiérrez, Walter
_eAUT
245 0 _aLa constitución comentada:
_banálisis artículo por artículo
260 _c2015
300 _a
_c
650 _aGEN
654 _aCDE
942 _cLIB
_dJUS
_fJUS
_2ddc
_n
999 _c20390
_d20390